| 000 | 00582nam a22002177a 4500 | ||
|---|---|---|---|
| 003 | OSt | ||
| 005 | 20160620181908.0 | ||
| 008 | 160620b xxu||||| |||| 00| 0 eng d | ||
| 020 | _a9780323063975 | ||
| 040 | _cDNLM | ||
| 082 | _aWI100 P442g 2010 | ||
| 100 |
_aMcNally, Peter R. _99488 |
||
| 245 | _aG1/Liver Secrets Plus | ||
| 250 | _a4th ed. | ||
| 260 | _aPhiladelphia; Mosby, 2010 | ||
| 300 | _axvii,619p; ill: 26cm | ||
| 504 | _aBibliography, & index included | ||
| 650 |
_aDigestive system Diseases _99489 |
||
| 650 |
_aDigestive organs MCQs _99490 |
||
| 942 |
_2z _cO_SHELF |
||
| 999 |
_c4415 _d4415 |
||